Evan Schleck

Hunter A


Categories

Fine Arts - Music46001202966.7022
Fine Arts - Painting5200953855.4324
Literature - World and Miscellaneous3300751977.3313
Literature - European2200506476.0011
History - Cross, Historiography, and Miscellaneous3000454250.6701
Literature - American2100407181.3300
Other - Other Academic and General Knowledge2000305157.0012
Fine Arts - Miscellaneous0300306783.6701
History - European2000304045.5001
RMP - Greco-Roman Mythology2000304255.5001
Fine Arts - Opera1100254586.5000
RMP - World Mythology1100256068.5001
History - American1100251850.0001
RMP - Philosophy1100255392.5000
Current Events - U.S.1000155555.0000
Geography - Europe1000154949.0011
History - World1000155050.0000
RMP - Christian Practice1000155656.0001
Science - Astronomy1000156868.0000
Social Science - Linguistics1000153939.0000
Literature - British010010127127.0000
Fine Arts - Sculpture0100107575.0000
Social Science - Psychology010010121121.0000
Science - Biology010010145145.0000
Science - Engineering and Miscellaneous0100107878.0000
RMP - Buddhism0100107171.0000
RMP - Islam0100107777.0000

Buzzes

History - Americanincandescent lightbulb2018
Literature - World and MiscellaneousCry, the Beloved Country2019
Fine Arts - MusicThe Rite of Spring2029
Fine Arts - Paintinggold2038
Social Science - Linguisticspronouns2039
History - EuropeanRomania2040
Literature - World and Miscellaneous“Rashōmon”2040
RMP - Greco-Roman MythologyKing Midas2042
History - Cross, Historiography, and Miscellaneouswheat2042
Fine Arts - MusicLa mer2044